It looks like you're offline.
Open Library logo
additional options menu

MARC record from Internet Archive

LEADER: 03300cam 2200853 i 4500
001 ocm01989145
003 OCoLC
005 20181114061008.0
008 761110s1976 nyua b 101 0 eng
010 $a 74021983
040 $aDLC$beng$cDLC$dVET$dNLM$dOCL$dMUQ$dNLGGC$dBTCTA$dOCLCG$dDEBBG$dBDX$dGBVCP$dOCLCO$dOCLCF$dOCLCQ$dOCLCO$dOCL$dOCLCO$dOCLCQ$dOCLCO$dOCLCQ$dOCLCO$dDHA$dOCLCA$dOCLCQ$dGILDS
016 7 $a7611308$2DNLM
016 7 $aB7603824$2bccb
019 $a30925784
020 $a0890040435
020 $a9780890040430
035 $a(OCoLC)1989145$z(OCoLC)30925784
050 00 $aQP563.A48$bG17
060 00 $aW3$bKR45 v.5 1975
060 10 $aWL 300$bG103 1975
082 00 $a599/.01/88
084 $aWW 2200$2rvk
245 00 $aGABA in nervous system function /$ceditors, Eugene Roberts, Thomas N. Chase, Donald B. Tower.
260 $aNew York :$bRaven Press,$c℗♭1976.
300 $axv, 554 pages :$billustrations ;$c25 cm.
336 $atext$btxt$2rdacontent
337 $aunmediated$bn$2rdamedia
338 $avolume$bnc$2rdacarrier
490 1 $aKroc Foundation series ;$vv. 5
500 $aA workshop sponsored by the City of Hope Medical Center, National Institute of Neurological and Communicative Disorders and Stroke, and Kroc Foundation, Feb. 1975.
504 $aIncludes bibliographical references and index.
650 0 $aGABA$vCongresses.
650 0 $aNeural transmission$vCongresses.
650 0 $aNeurology$vCongresses.
650 0 $aNeuropsychopharmacology$vCongresses.
650 2 $aAminobutyrates.
650 2 $aBrain Chemistry.
650 6 $aAminobutyrique, Acide$xCongre s.
650 6 $aTransmission nerveuse$xCongre s.
650 6 $aSyste me nerveux$xCongre s.
650 6 $aNeuropsychopharmacologie$xCongre s.
650 7 $aGABA.$2fast$0(OCoLC)fst00936853
650 7 $aNeural transmission.$2fast$0(OCoLC)fst01036280
650 7 $aNeurology.$2fast$0(OCoLC)fst01036390
650 7 $aNeuropsychopharmacology.$2fast$0(OCoLC)fst01036504
650 7 $aAminobuttersa ure$ggamma-$2gnd
650 7 $aNervensystem$2gnd
653 0 $aGABA$aCongresses
653 0 $aNervous$aCongresses
653 0 $aNeural$aCongresses
653 0 $aNeuropsychopharmacology$aCongresses
655 2 $aCongresses.
655 7 $aConference papers and proceedings.$2fast$0(OCoLC)fst01423772
655 4 $aCongresses.
700 1 $aRoberts, Eugene,$d1920-
700 1 $aChase, Thomas N.$q(Thomas Newell),$d1932-
700 1 $aTower, Donald Bayley.
710 2 $aCity of Hope National Medical Center (U.S.)
710 2 $aNational Institute of Neurological and Communicative Disorders and Stroke.
710 2 $aKroc Foundation.
776 08 $iOnline version:$tGABA in nervous system function.$dNew York : Raven Press, ℗♭1976$w(OCoLC)649924549
830 0 $aKroc Foundation series ;$vv. 5.
938 $aBrodart$bBROD$n26960532$c$81.50
938 $aBaker and Taylor$bBTCP$n74021983 //r935
029 1 $aAU@$b000000729803
029 1 $aAU@$b000040261994
029 1 $aDEBBG$bBV002252534
029 1 $aGBVCP$b12784404X
029 1 $aHEBIS$b027858030
029 1 $aNLM$b7611308
029 1 $aNZ1$b12993015
029 1 $aNZ1$b4095914
994 $aZ0$bP4A
948 $hNO HOLDINGS IN P4A - 265 OTHER HOLDINGS